Backstreet Boys [ Unbreakable

Bibliographic Details
Format: Book
Published: s.l : Zomba Recording Corporation , 2007
Subjects:

MARC

LEADER 00000cam a2200000 7i4500
001 0000116708
005 20080304.0
090 0 0 |a MUZ   |b BAC 
245 0 0 |a Backstreet Boys [  |h cd music] :   |b Unbreakable 
260 |a s.l :   |b Zomba Recording Corporation ,   |c 2007 
300 |a 1 CD music (72 minutes) 
500 |a Library has 1 copy 
650 0 0 |a Songs 
650 0 0 |a Songs, English 
999 |a AV 19541   |b CD MUSIC   |c PINJAMAN   |e PERPUSTAKAAN KOMUNITI PETALING JAYA